| 000 | 00717nam a22001577a 4500 | ||
|---|---|---|---|
| 003 | OSt | ||
| 005 | 20160823145602.0 | ||
| 008 | 160823b xxu||||| |||| 00| 0 eng d | ||
| 040 | _cRUA | ||
| 082 | _aAGR TOU 2015 B513 Or.1 | ||
| 100 |
_99398 _aTOUCH KIMLIENG, ទូច គឹមលាង |
||
| 245 | _aComparison different rates of rice husk charcoal on melon crop in high tunnel net condition, ប្រៀបធៀបកម្រិតធ្យូងអង្កាមផ្សេងៗគ្នាលើដំណាំត្រសក់ផ្អែមក្នុងលក្ខខណ្ឌផ្ទះសំណាញ់ | ||
| 260 |
_aPhnom Penh _bRUA _c2015 |
||
| 300 |
_axii; 55p. _bill. _c29cm. |
||
| 942 |
_2ddc _cAGR |
||
| 999 |
_c9049 _d9049 |
||